[Event "Amber-blind 4th"]
[Site "Monte Carlo"]
[Date "1995.??.??"]
[Round "9"]
[White "Nikolic, Predrag"]
[Black "Shirov, Alexei"]
[Result "1/2-1/2"]
[WhiteElo "2645"]
[BlackElo "2710"]

1.d4 Nf6 2.c4 g6 3.Nf3 Bg7 4.g3 O-O 5.Bg2 d6 6.O-O Nc6 7.Nc3 a6 8.d5 Na5
9.Nd2 c5 10.Qc2 Rb8 11.Rb1 b5 12.b3 e5 13.cxb5 axb5 14.b4 cxb4 15.Rxb4 Bf5
16.e4 Bd7 17.Qb1 Qe8 18.Qd3 Qc8 19.Ba3 Qa6 20.Rfb1 Nb7 21.R4b3 Na5 22.Rb4 Nb7
23.R4b3 Na5 24.R3b2 Nc4 25.Nxc4 bxc4 26.Qc2 Ra8 27.Bb4 Rfc8 28.Bf1 Ne8 29.Nd1 Bh6
30.Bc3 Qa7 31.Rb7 Qa4 32.Qe2 Rc7 33.Rxc7 Nxc7 34.Qxc4 Qxa2 35.Qxa2 Rxa2 36.Rb7 Bg4
37.Rxc7 Bxd1 38.Bb4 Bf8 39.h4 Bf3 40.Bg2 Ra4 41.Bxd6 Ra1+ 42.Kh2 Bxg2 43.Rc8 Bxe4
44.g4 Bxd5 45.Rxf8+ Kg7 46.Bxe5+  1/2-1/2

[Event "Amber-rapid 4th"]
[Site "Monte Carlo"]
[Date "1995.??.??"]
[Round "9"]
[White "Shirov, Alexei"]
[Black "Nikolic, Predrag"]
[Result "1/2-1/2"]
[WhiteElo "2710"]
[BlackElo "2645"]

1.e4 e6 2.d4 d5 3.Nc3 Bb4 4.e5 c5 5.a3 Bxc3+ 6.bxc3 Ne7 7.Nf3 Bd7 8.dxc5 Ng6
9.Bd3 Nc6 10.O-O Ncxe5 11.Nxe5 Nxe5 12.Bf4 Qf6 13.Qd2 Nxd3 14.cxd3 d4 15.c4 O-O
16.Bd6 Rfe8 17.f4 Bc6 18.Rae1 Qg6 19.Rb1 f6 20.a4 e5 21.fxe5 fxe5 22.Rbe1 e4
23.dxe4 Rxe4 24.Rxe4 Bxe4 25.Rf4 Re8 26.h3 h5 27.Kh2 d3 28.Rf2 Re6 29.a5 Rf6
30.Rxf6 Qxf6 31.Qf4 Qg6 32.g4 hxg4 33.hxg4 Qh7+ 34.Kg3 Qh1 35.Qf2 Qh6 36.Qf8+ Kh7
37.Qf4 Qh1 38.Qf2 Qh6 39.Qf4 Qe6 40.Qg5 Bc6 41.Be5 Qd7 42.Bc3 Kg8 43.Qe3 a6
44.Qg5 Kh7 45.Qh5+ Kg8 46.Qg5 Kh7  1/2-1/2

[Event "Amber-blind 4th"]
[Site "Monte Carlo"]
[Date "1995.??.??"]
[Round "10"]
[White "Lautier, Joel"]
[Black "Nikolic, Predrag"]
[Result "0-1"]
[WhiteElo "2655"]
[BlackElo "2645"]

1.c4 e5 2.Nc3 Nc6 3.Nf3 f5 4.d4 e4 5.Ng5 Nf6 6.Nh3 Bb4 7.e3 O-O 8.Bd2 Ne7
9.Nxe4 fxe4 10.Bxb4 d6 11.Be2 Bxh3 12.gxh3 Qd7 13.Bg4 Nxg4 14.Qxg4 Qf5 15.Rf1 Rf6
16.Qxf5 Nxf5 17.Rg1 Raf8 18.Ke2 Rh6 19.Rg4 Re8 20.Rf4 g6 21.Rg1 Kf7 22.Rg3 Re7
23.Kf1 Ke8 24.Rgg4 Rxh3 25.Kg2 Rh5 26.Rxe4 Rxe4 27.Rxe4+ Kd7 28.h3 Nh4+ 29.Kg3 Nf5+
30.Kh2 Ng7 31.Rf4 Ne6 32.Rg4 b5 33.b3 bxc4 34.bxc4 c5 35.dxc5 dxc5 36.Bc3 Ng5
37.h4 Nf7 38.Kh3 Nd6 39.Bg7 Rf5 40.Kg2 Ke6 41.Bc3 Rf7 42.Kf1 Rb7 43.Ke2 Rb6
44.a4 Rb1 45.Rf4 Nf5 46.e4 Nd4+ 47.Bxd4 cxd4 48.Rf8 Ra1 49.Kd3 Rxa4 50.Kxd4 Ra5
51.Re8+ Kd7 52.Ra8 Kc6 53.f4 Kd6 54.e5+ Kc6 55.Rh8 Ra1 56.Rxh7 a5 57.Rg7 Rd1+
58.Kc3 Rf1 59.Rxg6+ Kc5 60.Rf6 a4 61.h5 Rf3+ 62.Kd2 a3 63.Ke2 a2 64.Ra6 Rxf4
65.Rxa2 Rh4 66.Ra5+ Kb4  0-1

[Event "Amber-rapid 4th"]
[Site "Monte Carlo"]
[Date "1995.??.??"]
[Round "10"]
[White "Nikolic, Predrag"]
[Black "Lautier, Joel"]
[Result "1-0"]
[WhiteElo "2645"]
[BlackElo "2655"]

1.d4 d5 2.Nf3 Nf6 3.g3 c5 4.Bg2 cxd4 5.O-O Bg4 6.Nxd4 e5 7.Nb3 h6 8.c4 d4
9.Bxb7 Nbd7 10.Bxa8 Qxa8 11.f3 Bh3 12.Rf2 Be7 13.e3 O-O 14.exd4 exd4 15.Qxd4 Nc5
16.Nc3 Rd8 17.Qe3 Nxb3 18.axb3 Bb4 19.Bd2 Re8 20.Qd4 Rd8 21.Nd5 Nxd5 22.cxd5 Bf8
23.Ra5 Be6 24.Be3 Rxd5 25.Rxd5 Bxd5 26.Qxa7 Qc8 27.Qd4 Bxb3 28.Kg2 Be6 29.g4 Qc6
30.Rd2 Be7 31.h3 h5 32.Qe4 Qb5 33.Bd4 hxg4 34.hxg4 Bf8 35.Bc3 Qb6 36.Rd1 f6
37.Re1 Kf7 38.Bd4 Qa6 39.Rc1 Qa5 40.Qe3 Bd6 41.Re1 Qd5 42.Qe4 Qc4 43.Bc3 Qb3
44.Re2 Bf8 45.Qc6 Be7 46.Kf2 Bc4 47.Rd2 Be6 48.Qe4 Qb8 49.Kg2 Qb6 50.Re2 Qb3
51.Qe3 Qc4 52.b4 Bd6 53.Qe4 Qb3 54.Qc2 Qc4 55.Be1 Qb5 56.Re3 Be5 57.Ra3 Bd4
58.Qe4 Qb6 59.Rd3 Be5 60.Bf2 Qa6 61.Rd2 Qb5 62.Bc5 Qa6 63.Qd3 Qc6 64.Bd6 Ba1
65.Rc2 Qa8 66.Rc7+ Kg8 67.Qg6 Qa2+ 68.Kg3 f5 69.gxf5  1-0

[Event "Amber-rapid 4th"]
[Site "Monte Carlo"]
[Date "1995.??.??"]
[Round "11"]
[White "Piket, Jeroen"]
[Black "Nikolic, Predrag"]
[Result "1-0"]
[WhiteElo "2670"]
[BlackElo "2645"]

1.d4 f5 2.g3 Nf6 3.Bg2 e6 4.c4 c6 5.Nh3 Bb4+ 6.Bd2 Bxd2+ 7.Nxd2 d6 8.O-O O-O
9.c5 dxc5 10.dxc5 Na6 11.Rc1 Qe7 12.Qc2 e5 13.a3 h6 14.b4 Be6 15.Nc4 Nd7
16.Nd6 Rab8 17.Rfd1 Nc7 18.Qa4 g5 19.Kh1 e4 20.Rd4 a6 21.f3 Nb5 22.Rdd1 Nf6
23.Qc2 Nxd6 24.Rxd6 Bd5 25.Nf2 Rbd8 26.fxe4 fxe4 27.Rxd8 Rxd8 28.e3 Qe5 29.Rd1 Kg7
30.Kg1 Re8 31.Rf1 h5 32.Nd1 Bf7 33.Qc3 Bg6 34.h3 Nd5 35.Qxe5+ Rxe5 36.Rf2 Re8
37.Rd2 Kf6 38.Bf1 Bf5 39.Bc4 Rd8 40.Nc3 Ke5 41.Kh2 Rd7 42.Bxd5 cxd5 43.Ne2 Rf7
44.Nd4 Bd7 45.Kg2 Rf6 46.Rc2 Rf8 47.Ra2 h4 48.g4 Ba4 49.Rd2 Rf6 50.Nf5 Bb5
51.Rf2 Bc6 52.Rd2 Bb5 53.Kg1 Bd3 54.Rf2 a5 55.Nd6 Rxf2 56.Kxf2 axb4 57.axb4 d4
58.Nxb7 dxe3+ 59.Ke1 Ke6 60.Nd6 Kd5 61.Nf7 Kc4 62.c6 Kxb4 63.c7 Ba6 64.Nd6 Kc3
65.c8=Q+ Bxc8 66.Nxc8 Kd3 67.Nd6 Kd4 68.Nf7 Kd3 69.Nxg5 e2 70.Ne6 Ke3 71.g5  1-0

[Event "Amber-blind 4th"]
[Site "Monte Carlo"]
[Date "1995.??.??"]
[Round "11"]
[White "Nikolic, Predrag"]
[Black "Piket, Jeroen"]
[Result "1-0"]
[WhiteElo "2645"]
[BlackElo "2670"]

1.d4 Nf6 2.Nf3 e6 3.g3 b5 4.Bg2 Bb7 5.O-O Be7 6.Qd3 a6 7.a4 b4 8.c4 O-O 9.Nbd2 d5
10.cxd5 exd5 11.a5 Nbd7 12.Nb3 Ne4 13.Be3 Bc6 14.Rfc1 Bb5 15.Qd1 Rc8 16.Ne1 Ndf6
17.f3 Nd6 18.Nd3 Re8 19.Bf2 Bf8 20.Nbc5 Rb8 21.b3 Nd7 22.Bh3 f5 23.Ra2 c6
24.Nxb4 Nxc5 25.dxc5 Nb7 26.Bxf5 Nxa5 27.Bd3 Qc7 28.Nxa6 Bxa6 29.Bxa6 Nxb3
30.Rc3 Na5 31.Qa4 Rb1+ 32.Kg2 Nb7 33.Bd3 Qe5 34.Bd4 Nxc5 35.Bxe5 Nxa4 36.Rxa4 Rb2
37.Bd4 c5 38.Bxc5 Bxc5 39.Rxc5 Rd2 40.Kf2 g6 41.Ra7 d4 42.Rcc7  1-0

[Event "PCA/Intel-GP"]
[Site "Paris"]
[Date "1995.??.??"]
[Round "1"]
[White "Nikolic, Predrag"]
[Black "Anand, Viswanathan"]
[Result "1/2-1/2"]
[WhiteElo "2645"]
[BlackElo "2725"]

1.d4 Nf6 2.Nf3 g6 3.g3 Bg7 4.Bg2 d5 5.O-O O-O 6.c4 dxc4 7.Na3 c3 8.bxc3 c5
9.e3 Nc6 10.Qe2 Nd5 11.Bb2 Qa5 12.Rfc1 Bg4 13.h3 Bxf3 14.Bxf3 Nb6 15.Nc4 Nxc4
16.Qxc4 Rac8 17.Qb3 Rc7 18.Rab1 Rfc8 19.Qa3 b6 20.dxc5 Qxc5 21.Qxc5 bxc5
22.Bxc6 Rxc6 23.c4 Bxb2  1/2-1/2

[Event "Hoogovens rapid"]
[Site "Wijk aan Zee"]
[Date "1995.??.??"]
[Round "?"]
[White "Nikolic, Predrag"]
[Black "Seirawan, Yasser"]
[Result "1/2-1/2"]
[WhiteElo "2655"]
[BlackElo "2585"]

1.d4 Nf6 2.c4 e6 3.Nf3 b6 4.g3 Bb7 5.Bg2 c6 6.O-O d5 7.b3 Nbd7 8.Bb2 Be7
9.e3 O-O 10.Qe2 Rc8 11.Nc3 Qc7 12.Rac1 Qb8 13.e4 Nxe4 14.Nxe4 dxe4 15.Nd2 c5
16.Nxe4 Bxe4 17.Qxe4 Bf6 18.Rfd1 Rfd8 19.Qe3 a5 20.Rc2 cxd4 21.Bxd4 Bxd4
22.Rxd4 Nf6 23.Rcd2 Kf8 24.Bf3 Rxd4 25.Rxd4 h6 26.h4 Qc7 27.Rd2 Ke7 28.g4 Ne8
29.Kg2 Rd8 30.Rxd8 Kxd8 31.g5 hxg5 32.Qxg5+ Qe7 33.Qf4 Qc7 34.Qg5+ Qe7 35.Qg4 Qc5
36.h5 Ke7 37.Qf4 Nf6 38.Qg3 Kf8 39.Qb8+ Ke7 40.Qb7+ Kf8 41.Qb8+ Ke7 42.Qg3 Kf8
43.Qh4 Qe5 44.h6 g5 45.h7 gxh4 46.h8=Q+ Ke7 47.Qxh4 Kf8 48.a3 Ke7 49.b4 axb4
50.axb4 Qd6 51.c5 Qe5 52.Qh6 Nd7 53.Qh4+ Qf6 54.Qe4 Qg6+ 55.Qxg6 fxg6 56.Kg3 g5
57.Be2 Kf6 58.f4 bxc5 59.bxc5 Nxc5 60.Kg4 gxf4 61.Kxf4 e5+ 62.Ke3 Ke6 63.Bg4+ Kd6
64.Bh3 Nb3 65.Ke4 Nd2+ 66.Kd3 Nf3 67.Ke3 Ng5 68.Bg2 Kc5 69.Be4 Kd6  1/2-1/2

[Event "Hoogovens rapid15"]
[Site "Wijk aan Zee"]
[Date "1995.??.??"]
[Round "?"]
[White "Seirawan, Yasser"]
[Black "Nikolic, Predrag"]
[Result "1-0"]
[WhiteElo "2585"]
[BlackElo "2655"]

1.d4 e6 2.c4 f5 3.g3 Nf6 4.Bg2 Be7 5.Nc3 O-O 6.Nf3 d5 7.O-O c6 8.b3 b6 9.Qc2 Bb7
10.Bb2 a5 11.Rac1 Na6 12.Qb1 Rc8 13.cxd5 cxd5 14.Ne5 Ne4 15.Rfd1 Qe8 16.e3 Bd6
17.Ne2 Qe7 18.f3 Nf6 19.Nf4 Nb8 20.Bf1 g5 21.Nfd3 Kg7 22.Rxc8 Rxc8 23.Rc1 Rc7
24.Rxc7 Qxc7 25.Qc1 Qxc1 26.Bxc1 Nfd7 27.Bb2 Kf6 28.Kf2 Ke7 29.h3 Nc6 30.g4 Bxe5
31.dxe5 Ba6 32.Ba3+ Kf7 33.f4 gxf4 34.exf4 Bxd3 35.Bxd3 fxg4 36.hxg4 h6 37.Bb5 Ndb8
38.Bd6 Nd4 39.Bd3 Nd7 40.Ke3 Nc6 41.Bb5 Ncb8 42.f5 h5 43.fxe6+ Kxe6 44.gxh5  1-0

[Event "Hoogovens rapid15"]
[Site "Wijk aan Zee"]
[Date "1995.??.??"]
[Round "?"]
[White "Nikolic, Predrag"]
[Black "Seirawan, Yasser"]
[Result "1/2-1/2"]
[WhiteElo "2655"]
[BlackElo "2585"]

1.d4 Nf6 2.c4 e6 3.Nf3 b6 4.g3 Bb7 5.Bg2 c6 6.O-O d5 7.b3 Nbd7 8.Bb2 Be7
9.Nc3 O-O 10.e3 Rc8 11.Rc1 Rc7 12.Qe2 Qb8 13.Rfd1 Rd8 14.Ne1 Rcc8 15.Nd3 h6
16.Nf4 Bd6 17.Nd3 a6 18.e4 dxe4 19.Nxe4 Nxe4 20.Qxe4 Be7 21.Re1 Bf6 22.c5 Qa7
23.Bc3 a5 24.cxb6 Qxb6 25.Nb2 Ba6 26.Na4 Qc7 27.Ba1 Bb5 28.Nc3 Qd6 29.Red1 Nb6
30.Qe1 Qb4 31.Ne2 Qxe1+ 32.Rxe1 Bxe2 33.Rxe2 Bxd4 34.Bxd4 Rxd4 35.Rec2 Nd5
36.Bxd5 Rxd5 37.Rxc6 Rxc6 38.Rxc6 Rd2 39.a4 Rb2 40.Rb6 g5 41.h3 Kg7 42.Rb5 Kg6
43.Kg2 h5 44.h4 g4 45.Rg5+ Kh6 46.Rxa5  1/2-1/2

[Event "Hoogovens rapid15"]
[Site "Wijk aan Zee"]
[Date "1995.??.??"]
[Round "?"]
[White "Nikolic, Predrag"]
[Black "Seirawan, Yasser"]
[Result "1/2-1/2"]
[WhiteElo "2655"]
[BlackElo "2585"]

1.d4 Nf6 2.c4 e6 3.Nf3 b6 4.g3 Be7 5.Bg2 c6 6.O-O d5 7.b3 Nbd7 8.Bb2 Bb7
9.e3 O-O 10.Nc3 Rc8 11.Qe2 Qc7 12.Rac1 Qb8 13.Rfd1 Rfd8 14.e4 Nxe4 15.Nxe4 dxe4
16.Nd2 c5 17.Nxe4 Bxe4 18.Qxe4 Bf6 19.Qe3 a5 20.h3 h6 21.Rc2 cxd4 22.Bxd4 Bxd4
23.Rxd4 Kf8 24.Rcd2 Ke7 25.Qc3 Nf6 26.Rxd8 Rxd8 27.c5 Rxd2 28.Qxd2 Qc7 29.cxb6 Qxb6
30.Qc3 Ne8 31.a3 f6 32.h4 Nd6 33.b4 axb4 34.axb4 Nf5 35.h5 Nd4 36.Qc4 Nf5
37.Qf4 Nd4 38.Qd2 Qd6 39.Qb2 Qe5 40.Qa2 Qe1+ 41.Kh2 Qxb4 42.Qa7+ Kf8 43.Qa8+ Kf7
44.Qa7+ Kg8 45.Qa8+ Kh7 46.Qe8 Qb5 47.Qg6+ Kg8 48.f4 Kf8 49.g4 Qe2 50.Qb1 Qf2
51.Qb8+ Kf7 52.Kh3 Ne2 53.Qb7+ Kg8 54.Qc8+ Kh7 55.Be4+ f5 56.Bxf5+ exf5 57.Qxf5+ Kg8
58.Qc8+ Kf7 59.Qd7+ Kf8 60.Qd8+  1/2-1/2

[Event "Hoogovens"]
[Site "Wijk aan Zee"]
[Date "1995.??.??"]
[Round "?"]
[White "Nikolic, Predrag"]
[Black "Seirawan, Yasser"]
[Result "1-0"]
[WhiteElo "2655"]
[BlackElo "2585"]

1.d4 Nf6 2.c4 e6 3.Nf3 b6 4.g3 Bb7 5.Bg2 c6 6.O-O d5 7.b3 Nbd7 8.Bb2 Be7
9.Nc3 O-O 10.e3 Rc8 11.Qe2 Qc7 12.Rfd1 Rfd8 13.Rac1 Qb8 14.e4 dxe4 15.Ng5 c5
16.Ncxe4 Nxe4 17.Nxe4 Bxe4 18.Bxe4 Bf6 19.Bg2 a5 20.Qe3 h6 21.h4 Qc7 22.Rc2 cxd4
23.Bxd4 Bxd4 24.Rxd4 Kf8 25.Rcd2 Nf6 26.Rxd8+ Rxd8 27.Rxd8+ Qxd8 28.c5 bxc5
29.Qxc5+ Kg8 30.Bf3 Qd2 31.a3 Nd7 32.Qc8+ Kh7 33.Kg2 Ne5 34.Be4+ g6 35.h5 Kg7
36.hxg6 Nxg6 37.Qc5 Nf8 38.Bc6 Ng6 39.Be4 Nf8 40.Qe5+ Kg8 41.Bf3 Nd7 42.Qc7 Nf6
43.Qb8+ Kg7 44.Qe5 Kg6 45.Qc5 Nd5 46.Bxd5 exd5 47.b4 axb4 48.axb4 d4 49.b5 d3
50.Qd6+ f6 51.Qd5 Qe2 52.Qg8+ Kf5 53.Qc4 Qc2 54.Qd5+ Kg6 55.b6 Qb1 56.b7 d2
57.Qg8+ Kh5 58.Qf7+ Kg5 59.f4+ Kg4 60.Qe6+ Kh5 61.b8=Q  1-0

[Event "Hoogovens rapid"]
[Site "Wijk aan Zee"]
[Date "1995.??.??"]
[Round "?"]
[White "Seirawan, Yasser"]
[Black "Nikolic, Predrag"]
[Result "1/2-1/2"]
[WhiteElo "2585"]
[BlackElo "2655"]

1.d4 d5 2.c4 c6 3.Nc3 e5 4.e3 exd4 5.Qxd4 Nf6 6.cxd5 cxd5 7.Nf3 Nc6 8.Qd3 Bd6
9.Be2 O-O 10.O-O Bg4 11.Rd1 Be6 12.Nb5 Bb8 13.b3 a6 14.Nbd4 Nb4 15.Qb1 Re8
16.Bb2 Bd6 17.a3 Nc6 18.b4 Ne4 19.Nxe6 Rxe6 20.Qd3 Ne7 21.Rac1 Qf8 22.g3 Rd8
23.Bf1 Bb8 24.Bg2 h6 25.Rc2 Rc6 26.Rxc6 Nxc6 27.Qb3 Ne7 28.Ne5 Bxe5 29.Bxe5 Qe8
30.Ba1 Rc8 31.Qb2 f6 32.Qb3 Kh8 33.Bb2 Qb5 34.Bf3 Qc6 35.Bxe4 dxe4 36.Qf7 Qc2
37.Rd7 Qxb2 38.Qxe7 Rg8 39.Qxe4 b5 40.Qd3 Rc8 41.h4 Qc1+ 42.Kh2 Qc6 43.e4 Re8
44.Rd4 Qe6 45.Kg2 Qc6 46.Rd5 Qe6 47.f3 Rc8 48.h5 Qe8 49.g4 Qe7 50.Rd7 Qe6
51.Rd8+ Rxd8 52.Qxd8+ Kh7 53.Qd5 Qe8 54.Kg3 Qb8+ 55.f4 Qc7 56.Qc5 Qd8 57.Qc2 Kh8
58.e5 fxe5 59.fxe5 Qd4 60.Qc8+ Kh7 61.Qf5+ Kg8 62.e6 Qe3+ 63.Kg2 Qe2+ 64.Kg3 Qe3+
65.Kg2 Qe2+ 66.Kg3  1/2-1/2

[Event "Hoogovens"]
[Site "Wijk aan Zee"]
[Date "1995.??.??"]
[Round "?"]
[White "Seirawan, Yasser"]
[Black "Nikolic, Predrag"]
[Result "1-0"]
[WhiteElo "2585"]
[BlackElo "2655"]

1.c4 e5 2.g3 Nc6 3.Bg2 g6 4.e3 Bg7 5.Ne2 d6 6.Nbc3 h5 7.d4 exd4 8.exd4 h4
9.Be3 Kf8 10.Qd2 Bf5 11.Nf4 Qd7 12.O-O-O Re8 13.f3 g5 14.Nfd5 Na5 15.b3 c6
16.Nb4 hxg3 17.hxg3 Rxh1 18.Rxh1 f6 19.g4 Bg6 20.Bf1 d5 21.c5 b6 22.Bd3 Ne7
23.Nc2 Kf7 24.Ne2 Rh8 25.Rxh8 Bxh8 26.Ng3 Bg7 27.Bxg6+ Nxg6 28.Nf5 Nb7 29.Qh2 Ne7
30.Qb8 Nxf5 31.gxf5 Bf8 32.b4 Be7 33.Bf2 b5 34.Bg3 a5 35.Bc7 axb4 36.Qxb7 Bd8
37.Nxb4 Bxc7 38.Kb2 Qe7 39.Qxc6 Ba5 40.Qxd5+ Kg7 41.Nc2  1-0

[Event "Hoogovens op"]
[Site "Wijk aan Zee"]
[Date "1995.??.??"]
[Round "4"]
[White "Zvjaginsev, Vadim"]
[Black "Nikolic, Predrag"]
[Result "1/2-1/2"]
[WhiteElo "2585"]
[BlackElo "2645"]

1.d4 e6 2.c4 f5 3.g3 Nf6 4.Bg2 c6 5.Nf3 d5 6.O-O Bd6 7.b3 Qe7 8.Ne5 b6 9.cxd5 exd5
10.Bf4 Bb7 11.Qc2 Qe6 12.Nd2 O-O 13.Ndf3 Ne4 14.Nd3 Nd7 15.b4 a5 16.a3 Be7
17.Rfb1 Rfc8 18.bxa5 Rxa5 19.Nfe5 Ra6 20.Nb4 Ra7 21.Nxd7  1/2-1/2

[Event "Hoogovens op"]
[Site "Wijk aan Zee"]
[Date "1995.??.??"]
[Round "5"]
[White "Nikolic, Predrag"]
[Black "Leko, Peter"]
[Result "1/2-1/2"]
[WhiteElo "2645"]
[BlackElo "2555"]

1.d4 Nf6 2.Nf3 g6 3.g3 Bg7 4.Bg2 O-O 5.c4 c6 6.O-O d5 7.b3 a5 8.Nc3 Ne4 9.Bb2 Nxc3
10.Bxc3 Nd7 11.Rc1 Nf6 12.Ne5 Be6 13.Qc2 Qb6 14.Rfd1 Rfd8 15.e3 Bf5 16.Qe2 a4
17.b4 dxc4 18.Nxc4 Qa6 19.Bf1 Be6 20.Be1 Bxc4 21.Rxc4 Nd5 22.Qc2 Qb6 23.a3 e6
24.Rc5 Qc7 25.Ra5 Nb6 26.b5 Bf8 27.Rd3 c5 28.Rxa8 Rxa8 29.dxc5 Qxc5 30.Rc3 Qd6
31.Bg2 Nd5 32.Rd3 Qc5 33.Qb1 Qc4 34.Bd2 Rc8 35.Bxd5 exd5 36.Rc3 Qg4 37.Rxc8 Qxc8
38.Bb4 Qc4 39.Bxf8 Kxf8 40.Qb2 h5 41.h4 Kg8 42.b6 Qb3 43.Qe5 Qxb6 44.Qe8+ Kg7
45.Qxa4 Qb1+ 46.Kh2 Qd3 47.Qb4 b5 48.Qb2+ Kg8 49.Kg1 Qc4  1/2-1/2

[Event "Hoogovens op"]
[Site "Wijk aan Zee"]
[Date "1995.??.??"]
[Round "7"]
[White "Nikolic, Predrag"]
[Black "Schwartzman, Gabriel"]
[Result "1-0"]
[WhiteElo "2645"]
[BlackElo "2495"]

1.d4 d5 2.c4 c6 3.Nc3 e5 4.dxe5 d4 5.Ne4 Qa5+ 6.Nd2 Nd7 7.e6 fxe6 8.g3 Ngf6
9.Bg2 Be7 10.Nf3 e5 11.O-O Qc7 12.Re1 O-O 13.e3 dxe3 14.Rxe3 Ng4 15.Re2 Nc5
16.b4 Nd3 17.Ne4 Nxb4 18.Bb2 Bf5 19.Qb3 c5 20.h3 Nf6 21.Nxe5 Nxe4 22.Bxe4 Bxe4
23.Rxe4 Bf6 24.Rae1 Rad8 25.a3 Nc6 26.Qe3 Nd4 27.Bxd4 cxd4 28.Rxd4 Bxe5 29.Rxd8 Rxd8
30.Qxe5 Qxc4 31.Qa5 Qd4 32.Re7 Rf8 33.Qe1 Qd5 34.Qb1 Qc5 35.Qa2+ Kh8 36.Rxb7 Qc1+
37.Kh2 Qc5 38.Rf7 h6 39.Rxf8+ Qxf8 40.a4 a5 41.Qc2 Qf3 42.Qc5 Kh7 43.Qd4 Kh8
44.h4 Kh7 45.Kg1 Qe2 46.Kg2 Qe8 47.Kf3 Kh8 48.Qe4 Qf7+ 49.Kg2 Qc7 50.h5 Qc5
51.g4 Qc3 52.Qf4 Qc6+ 53.Kf1 Qc3 54.Qf8+ Kh7 55.Qf5+ Kh8 56.Qd7 Qc4+ 57.Ke1 Qc1+
58.Ke2 Qc2+ 59.Kf3 Qc3+ 60.Kf4 Kh7 61.f3 Qc4+ 62.Ke5 Qc5+ 63.Ke6 Qb6+ 64.Kd5 Qb3+
65.Kd6 Qb6+ 66.Qc6 Qb8+ 67.Kd7 Qa7+ 68.Ke6 Kh8 69.Kd5 Qb8 70.Ke6 Qa7 71.Qe4 Qc7
72.Kd5 Qc3 73.Kd6 Qc8 74.Qf5 Qc3 75.Qd7 Kh7 76.Qc6 Qd4+ 77.Kc7 Qa7+ 78.Kc8 Kh8
79.Qe8+ Kh7 80.Qd7 Qa8+ 81.Kc7 Qa7+ 82.Kc6 Qa6+ 83.Kc5 Qe2 84.Kb6 Qe1 85.Ka6 Qc3
86.f4 Qb4 87.Qb5 Qd6+ 88.Kxa5 Qc7+ 89.Ka6 Qc8+ 90.Kb6 Qxg4 91.Qe5 Qd7 92.a5 Qd8+
93.Kb5 Qd7+ 94.Kc5 Qa7+ 95.Kc4 Qa6+ 96.Qb5 Qe6+ 97.Qd5 Qa6+ 98.Kb4 Qe2 99.Kc3 Qe1+
100.Qd2 Qa1+ 101.Kc4 Qa4+ 102.Kc5 Qa3+ 103.Kc4 Qa4+ 104.Kd3 Qb5+ 105.Ke3 Qc5+
106.Ke4 Qxh5 107.Qb4 Qe8+ 108.Kf3 Qc6+ 109.Qe4+  1-0

[Event "Hoogovens op"]
[Site "Wijk aan Zee"]
[Date "1995.??.??"]
[Round "10"]
[White "Piket, Jeroen"]
[Black "Nikolic, Predrag"]
[Result "1-0"]
[WhiteElo "2670"]
[BlackElo "2645"]

1.d4 Nf6 2.c4 e6 3.Nf3 b6 4.g3 Bb4+ 5.Bd2 Bxd2+ 6.Qxd2 Ba6 7.Na3 c6 8.Bg2 d5
9.O-O O-O 10.Rfc1 Nbd7 11.Ne5 Nxe5 12.dxe5 Nd7 13.f4 b5 14.cxd5 Qb6+ 15.e3 cxd5
16.Nc2 Rac8 17.a3 Rc7 18.Nd4 Rfc8 19.Rxc7 Rxc7 20.Bf1 f6 21.exf6 gxf6 22.f5 Nf8
23.Re1 e5 24.Nxb5 Rd7 25.a4 Bc8 26.Rc1 Rd8 27.a5 Qb8 28.e4 a6 29.Nc7 Bb7
30.exd5 Rd7 31.Qc3 Rd6 32.Qc5 Qd8 33.b4 Qe7 34.Ne8  1-0

[Event "Hoogovens op"]
[Site "Wijk aan Zee"]
[Date "1995.??.??"]
[Round "11"]
[White "Nikolic, Predrag"]
[Black "Tkachiev, Vladislav"]
[Result "1-0"]
[WhiteElo "2645"]
[BlackElo "2575"]

1.d4 Nf6 2.Nf3 g6 3.g3 Bg7 4.Bg2 O-O 5.c4 d6 6.O-O Nbd7 7.Nc3 e5 8.e4 exd4
9.Nxd4 Re8 10.h3 Nc5 11.Re1 h6 12.Rb1 a5 13.Bf4 a4 14.Ndb5 Ne6 15.Be3 a3
16.Nxa3 Ng5 17.Bxg5 hxg5 18.Nab5 Nd7 19.Nd5 c6 20.Nxd6 cxd5 21.Nxe8 Qxe8
22.exd5 Qf8 23.b4 Ne5 24.Qb3 Bf5 25.Rbd1 Bd7 26.Rc1 g4 27.hxg4 Nxg4 28.Bh3 Bd4
29.Bxg4 Bxg4 30.Re4 Bxf2+ 31.Kxf2 Qh6 32.Rce1 Rxa2+ 33.Qxa2 Qh2+ 34.Ke3 Qxa2
35.Rxg4 Qb3+ 36.Kf2 Qxb4 37.Rge4 b5 38.Rd1 bxc4 39.d6 Qb2+ 40.Re2 Qb6+ 41.Kg2 Qc6+
42.Kh2 Qd7 43.Rc2 g5 44.Rxc4 f5 45.Rc5 g4 46.Rcd5 Qe6 47.R5d3 Qd7 48.R1d2 Qh7+
49.Kg2 Qd7 50.Rd5 Kh8 51.Kf1 Qh7 52.Kg1 Qa7+ 53.R5d4 Qd7 54.Rf2 Kg8 55.Rd5 Qe6
56.Rd1 Qb3 57.Rdd2 Qxg3+ 58.Kf1 Qh3+ 59.Ke2 Qh1 60.Rd4 Qa1 61.Rff4 Qb2+ 62.Ke1 Qc1+
63.Kf2 Qc2+ 64.Kg3 Qb3+ 65.Kh4 Qh3+ 66.Kg5 Kg7 67.d7 Qh6+ 68.Kxf5 Qg6+ 69.Ke5 Qg5+
70.Kd6 Qd8 71.Rxg4+ Kh7 72.Ke6 Qb6+ 73.Kf7 Qb3+ 74.Ke7 Qa3+ 75.Ke8 Qe3+ 76.Rde4  1-0

[Event "Amber-blind 5th"]
[Site "Monte Carlo"]
[Date "1996.??.??"]
[Round "1"]
[White "Anand, Viswanathan"]
[Black "Nikolic, Predrag"]
[Result "1-0"]
[WhiteElo "2725"]
[BlackElo "2645"]

1.Nf3 Nf6 2.c4 e6 3.Nc3 Bb4 4.g3 O-O 5.Bg2 Re8 6.Qb3 a5 7.O-O e5 8.d3 Na6
9.Qc2 c6 10.Bg5 h6 11.Bxf6 Qxf6 12.Nd2 Qd8 13.a3 Bf8 14.e3 d6 15.Rae1 Bd7
16.f4 g6 17.Kh1 Bg7 18.Nce4 Be6 19.fxe5 dxe5 20.c5 Re7 21.Nf6+ Kh8 22.Nde4 Nc7
23.Nd6 Nd5 24.Nxd5 cxd5 25.Qb3 a4 26.Qa2 Ra5 27.Rc1 Qc7 28.Bxd5 Rxc5 29.Rxc5 Qxc5
30.Bxe6 fxe6 31.Ne4 Qxe3 32.Qc4 Kh7 33.Kg2 Qd4 34.Qxd4 exd4 35.Rc1 b5 36.Rc6 Rb7
37.Nc5 Rb8 38.Nxe6 Be5 39.Kf3 b4 40.Ke4 bxa3 41.bxa3 Bf6 42.Ra6 Rb2 43.Rxa4 Rxh2
44.Ra7+ Kg8 45.a4 Re2+ 46.Kd5 g5 47.Nc5 h5 48.Ne4 Bg7 49.Ra8+ Kf7 50.Nxg5+ Kg6
51.Ne4 Ra2 52.a5 Ra3 53.Kc4  1-0

[Event "Amber-rapid 5th"]
[Site "Monte Carlo"]
[Date "1996.??.??"]
[Round "1"]
[White "Nikolic, Predrag"]
[Black "Anand, Viswanathan"]
[Result "0-1"]
[WhiteElo "2645"]
[BlackElo "2725"]

1.d4 Nf6 2.Nf3 g6 3.g3 Bg7 4.Bg2 c5 5.d5 O-O 6.c4 d6 7.O-O b5 8.cxb5 a6 9.bxa6 Bf5
10.Nc3 Ne4 11.Nb5 Nxa6 12.a4 Nb4 13.Ra3 Nf6 14.Ne1 Qb6 15.h3 Be4 16.Bxe4 Nxe4
17.Nc2 Qb7 18.Nxb4 cxb4 19.Re3 f5 20.b3 Nc3 21.Nxc3 bxc3 22.Ba3 f4 23.gxf4 Rxf4
24.Rd3 Rb8 25.b4 Rxb4 26.Bxb4 Qxb4 27.Qc2 Qc5 28.Re3 Bf6 29.Qd3 Rb2 30.Re4 Rd2
31.Rc4 Qa5 32.Rc8+ Kg7 33.Qb5 Qxb5 34.axb5 Rxe2 35.Rc1 Rb2 36.R1xc3 Bxc3
37.Rxc3 Rxb5 38.Rd3 Rb1+ 39.Kg2 Re1 40.Rd4 Re5 41.h4 Kf6 42.Kg3 h6 43.f3 g5
44.hxg5+ hxg5 45.Kf2 Kf7 46.Rd1 Ke8 47.Kg3 Kd7 48.Kg4 Kc7 49.Kh5 Kb6 50.Kg6 Kc5
51.Kf7 Rxd5 52.Rc1+ Kd4 53.Kxe7 Ke3 54.Ke6 Rc5 55.Rg1 Kxf3 56.Kxd6 Ra5  0-1

[Event "Amber-rapid 5th"]
[Site "Monte Carlo"]
[Date "1996.??.??"]
[Round "2"]
[White "Lautier, Joel"]
[Black "Nikolic, Predrag"]
[Result "1-0"]
[WhiteElo "2630"]
[BlackElo "2645"]

1.e4 e6 2.d4 d5 3.Nc3 Bb4 4.e5 Ne7 5.Qg4 Nf5 6.Nf3 Be7 7.Bd3 h5 8.Qf4 Nc6
9.Ne2 Nb4 10.Bxf5 exf5 11.Qd2 h4 12.c3 Nc6 13.Ng5 a5 14.Ng1 a4 15.N1f3 Be6
16.Nh3 Na5 17.Qe2 Qd7 18.Bg5 Bxg5 19.Nfxg5 Nc4 20.O-O Qe7 21.b3 Nb6 22.Rac1 axb3
23.axb3 Qa3 24.Nf4 Rh6 25.c4 Qxb3 26.cxd5 Nxd5 27.Nxd5 Bxd5 28.Rxc7 h3 29.e6 fxe6
30.Qe5 Rg6 31.Qd6  1-0

[Event "Amber-rapid 5th"]
[Site "Monte Carlo"]
[Date "1996.??.??"]
[Round "3"]
[White "Nikolic, Predrag"]
[Black "Karpov, Anatoly"]
[Result "1-0"]
[WhiteElo "2645"]
[BlackElo "2770"]

1.d4 Nf6 2.c4 g6 3.Nf3 Bg7 4.g3 O-O 5.Bg2 c6 6.O-O d5 7.b3 Bf5 8.Bb2 a5 9.Nc3 Ne4
10.e3 Nxc3 11.Bxc3 Be4 12.Qe2 a4 13.cxd5 Qxd5 14.b4 Nd7 15.Rfd1 Qh5 16.h3 Rfc8
17.Rac1 a3 18.g4 Qd5 19.Ne1 Bxg2 20.Nxg2 Nb6 21.Nf4 Qb5 22.Be1 Qxe2 23.Nxe2 e5
24.dxe5 Bxe5 25.Bc3 Re8 26.Bxe5 Rxe5 27.Nc3 h5 28.Kg2 hxg4 29.hxg4 Kf8 30.Rd3 Rc8
31.Kg3 Ree8 32.Nb1 Ra8 33.Rb3 Re5 34.Nxa3 Ra4 35.f3 Rd5 36.Rc2 Nd7 37.Nb1 Ra8
38.a3 Ne5 39.f4 Nd7 40.Rd2 Nb6 41.Rxd5 Nxd5 42.e4 Nb6 43.Rd3 Ke7 44.Nd2 Rh8
45.Nb3 Nd7 46.g5 b6 47.Rc3 Ra8 48.Nd4 c5 49.Nb5 Ra4 50.Nc7 Kd6 51.Nd5 Kc6
52.Kf3 Ra8 53.Kg4 Re8 54.Kf3 Rh8 55.Kg4 Rh1 56.Ne3 Re1 57.Kf3 Kb5 58.Rd3 Nb8
59.bxc5 bxc5 60.Rb3+  1-0

[Event "Amber-blind 5th"]
[Site "Monte Carlo"]
[Date "1996.??.??"]
[Round "3"]
[White "Karpov, Anatoly"]
[Black "Nikolic, Predrag"]
[Result "1/2-1/2"]
[WhiteElo "2770"]
[BlackElo "2645"]

1.Nf3 f5 2.d4 Nf6 3.g3 g6 4.Bg2 Bg7 5.O-O O-O 6.c4 d6 7.Nc3 Na6 8.Rb1 c6
9.d5 Bd7 10.Be3 Qe8 11.Qb3 Ng4 12.Bd4 Bxd4 13.Nxd4 Nc5 14.Qc2 a5 15.Qd2 Nf6
16.Qe3 e5 17.dxe6 Bxe6 18.b3 Bf7 19.Qxe8 Rfxe8 20.Rfd1 Rad8 21.Rbc1 Kf8 22.Nc2 Ke7
23.Rd4 Kd7 24.Rcd1 Kc7 25.Ne3 Ne6 26.R4d2 Nc5 27.Rd4 Ne6 28.R4d2 Nc5  1/2-1/2

[Event "Amber-rapid 5th"]
[Site "Monte Carlo"]
[Date "1996.??.??"]
[Round "4"]
[White "Kamsky, Gata"]
[Black "Nikolic, Predrag"]
[Result "1-0"]
[WhiteElo "2735"]
[BlackElo "2645"]

1.e4 e6 2.d4 d5 3.Nc3 Bb4 4.e5 c5 5.a3 Bxc3+ 6.bxc3 Ne7 7.Qg4 cxd4 8.cxd4 Qc7
9.Kd1 O-O 10.Nf3 f5 11.Qh4 Nbc6 12.Bd3 Bd7 13.Rg1 Ng6 14.Qh5 Nce7 15.Bd2 Rac8
16.Ke2 Qd8 17.Rgb1 b6 18.Kf1 h6 19.a4 a5 20.Rb2 Rb8 21.Qh3 Qe8 22.Qg3 Kh8
23.h4 Rg8 24.Rab1 Bxa4 25.Rxb6 Rxb6 26.Rxb6 Qc8 27.Rb2 Qc7 28.Ra2 Qc6 29.h5 Nf8
30.Qh4 Nc8 31.Bxa5 Bb5 32.Ne1 Nh7 33.Kg1 Ng5 34.Bd2 Ne4 35.Be3 Nb6 36.Ra7 Nc8
37.Ra1 Bxd3 38.Nxd3 Qxc2 39.Nf4 Qc6 40.Rc1 Qd7 41.Ng6+ Kh7 42.f3 Ng5 43.Bxg5 hxg5
44.Qxg5 Re8 45.Nf4 Ne7 46.Rc7 Qxc7 47.Nxe6  1-0